000 01192nam a2200349 a 4500
001 000115377
003 CHAP
005 20220329144531.0
008 190516s2017 mx |r| ||||||spa d
010 _a111838
011 _a112810
020 _a9786071653314
040 _cCHAP
082 0 4 _a344.010260972
_bA94
100 1 _aAvante Juárez, Rafael Adrián.
_9135609
245 1 0 _aReforma laboral /
_cpor Rafael Adrián Avante Juárez.
260 _aCiudad de México :
_bFCE,
_c2017.
300 _a111 p.
490 _aAdministración pública.
_pSerie reformas estructurales
590 _aBATCH-UPD
_b05
_c20190516
_lUCH01
_h1036
590 _aE11695DGD
_b10
_c20190520
_lUCH01
_h1025
590 _aE5765TAJ
_b05
_c20190516
_lUCH01
_h1035
590 _aE5765TAJ
_b05
_c20190516
_lUCH01
_h1217
610 1 _aProcuraduría Federal de la Defensa del Trabajo (México)
_9135610
650 1 4 _aAdministración pública
_zMéxico.
_9944
650 1 4 _aDerecho laboral
_xMéxico.
_931893
651 4 _aMéxico
_xPolítica y gobierno
_xReformas
_ySiglo XXI.
_9135621
830 0 _aAdministración pública.
_pSerie reformas estructurales
_9135622
901 _aBK
942 _cLIBRO
942 _n0
999 _c111838
_d111838